MARC details
| 000 -LEADER |
| fixed length control field |
00997nam a22003017a 4500 |
| 003 - CONTROL NUMBER IDENTIFIER |
| control field |
OSt |
| 005 - DATE AND TIME OF LATEST TRANSACTION |
| control field |
20250930055814.0 |
| 008 - FIXED-LENGTH DATA ELEMENTS--GENERAL INFORMATION |
| fixed length control field |
250930t2024 |||||||| |||| 00| | eng d |
| 020 ## - INTERNATIONAL STANDARD BOOK NUMBER |
| International Standard Book Number |
979-8-88626-388-6 |
| 040 ## - CATALOGING SOURCE |
| Transcribing agency |
JMCFI - Learning Resource Center |
| 082 ## - DEWEY DECIMAL CLASSIFICATION NUMBER |
| Classification number |
F.P./Tour. 338.4791 K16 2024 |
| 100 ## - MAIN ENTRY--PERSONAL NAME |
| Personal name |
Kane, Ismael |
| 9 (RLIN) |
43148 |
| 245 ## - TITLE STATEMENT |
| Title |
Essentials of tourism management / |
| Statement of responsibility, etc. |
Ismael Kane. |
| 260 ## - PUBLICATION, DISTRIBUTION, ETC. |
| Place of publication, distribution, etc. |
Wilmington, USA : |
| Name of publisher, distributor, etc. |
American Academic Publisher, |
| Date of publication, distribution, etc. |
2024. |
| 300 ## - PHYSICAL DESCRIPTION |
| Extent |
vii, 303 pages ; |
| Dimensions |
25 cm |
| 500 ## - GENERAL NOTE |
| General note |
Includes indexes. |
| 504 ## - BIBLIOGRAPHY, ETC. NOTE |
| Bibliography, etc. note |
Includes bibliograpgical references. |
| 650 ## - SUBJECT ADDED ENTRY--TOPICAL TERM |
| Topical term or geographic name entry element |
Tourism. |
| 9 (RLIN) |
1475 |
| 650 ## - SUBJECT ADDED ENTRY--TOPICAL TERM |
| Topical term or geographic name entry element |
Tourism |
| General subdivision |
Management. |
| 9 (RLIN) |
41820 |
| 650 ## - SUBJECT ADDED ENTRY--TOPICAL TERM |
| Topical term or geographic name entry element |
Hospitality industry |
| General subdivision |
Management. |
| 9 (RLIN) |
43027 |
| 650 ## - SUBJECT ADDED ENTRY--TOPICAL TERM |
| Topical term or geographic name entry element |
Hotels |
| General subdivision |
Administration. |
| 9 (RLIN) |
43149 |
| 650 ## - SUBJECT ADDED ENTRY--TOPICAL TERM |
| Form subdivision |
Housekeeping. |
| 9 (RLIN) |
22098 |
| 650 ## - SUBJECT ADDED ENTRY--TOPICAL TERM |
| Topical term or geographic name entry element |
Front office management. |
| 9 (RLIN) |
39863 |
| 650 ## - SUBJECT ADDED ENTRY--TOPICAL TERM |
| Topical term or geographic name entry element |
Food services. |
| 9 (RLIN) |
43150 |
| 650 ## - SUBJECT ADDED ENTRY--TOPICAL TERM |
| Topical term or geographic name entry element |
Customers |
| General subdivision |
Management. |
| 9 (RLIN) |
43151 |
| 650 ## - SUBJECT ADDED ENTRY--TOPICAL TERM |
| Topical term or geographic name entry element |
Consumer behavior. |
| 9 (RLIN) |
1759 |
| 942 ## - ADDED ENTRY ELEMENTS (KOHA) |
| Source of classification or shelving scheme |
Dewey Decimal Classification |
| Koha item type |
Books |
| Suppress in OPAC |
No |